Op- amps and linear integrated circuits (Record no. 172759)

000 -LEADER
fixed length control field 00395nam a2200145Ia 4500
008 - FIXED-LENGTH DATA ELEMENTS--GENERAL INFORMATION
fixed length control field 220217s9999||||xx |||||||||||||| ||und||
020 ## - INTERNATIONAL STANDARD BOOK NUMBER
International Standard Book Number 81-203-2058-1
082 ## - DEWEY DECIMAL CLASSIFICATION NUMBER
Classification number 621.381 5 GAY
100 ## - MAIN ENTRY--PERSONAL NAME
Personal name Gayakwad, Ramakanth, A
245 #0 - TITLE STATEMENT
Title Op- amps and linear integrated circuits
250 ## - EDITION STATEMENT
Edition statement 4th
260 ## - PUBLICATION, DISTRIBUTION, ETC.
Place of publication, distribution, etc. Prentice hall of india
Name of publisher, distributor, etc. New Delhi
Date of publication, distribution, etc. 2004
300 ## - PHYSICAL DESCRIPTION
Other physical details 195
650 ## - SUBJECT ADDED ENTRY--TOPICAL TERM
Topical term or geographic name entry element CIRCUITRY
Holdings
Withdrawn status Lost status Damaged status Not for loan Collection code Home library Current library Date acquired Total Checkouts Full call number Barcode Date last seen Date last checked out Price effective from Koha item type
        Electronics and Communication Engineering Central Library Central Library 02/18/2022 2 621.381 5 GAY 7948 04/28/2023 03/29/2023 02/18/2022 Books

Powered by Koha